000 00362nam a2200169Ia 4500
001 17132
003 IN-NITTTR
005 20251114233202.0
008 251113s9999||||xx |||||||||||||| ||eng||
040 _beng
040 _cIN-NITTTR
041 _aeng
082 _a822 M344D
100 _aMarlowe,
245 0 _aDoctor Faustus. /
_cMarlowe
942 _2ddc
_cBK
999 _c19766
_d19766